[Event "ABC 2025 Groep C"]
[Site "Utrecht"]
[Date "2025.03.15"]
[Round "4.2"]
[White "Etienne, Ghilon"]
[Black "Kakrana, Reyansh"]
[Result "1/2-1/2"]
[WhiteFideId "8852118"]
[BlackFideId "8853900"]
[WhiteElo "1972"]
[BlackElo "1785"]

1. Nf3 {[%emt 00:58:19]} Nf6 {[%emt 00:00:08]} 2. g3 {[%emt 00:00:04]} d5
{[%emt 00:03:14]} 3. Bg2 {[%emt 00:00:05]} c5 {[%emt 00:00:14]} 4. O-O {[%emt
00:00:09]} e6 {[%emt 00:01:04]} 5. d3 {[%emt 00:00:04]} b6 {[%emt 00:00:15]} 6.
Nc3 {[%emt 00:00:06]} Bb7 {[%emt 00:00:22]} 7. Qe1 {[%emt 00:00:36]} d4 {[%emt
00:01:01]} 8. Nb1 {[%emt 00:00:06]} Nbd7 {[%emt 00:00:17]} 9. a4 {[%emt
00:00:05]} Bd6 {[%emt 00:01:40]} 10. Na3 {[%emt 00:00:04]} O-O {[%emt
00:01:01]} 11. e4 {[%emt 00:00:23]} dxe3 {[%emt 00:01:50]} 12. Bxe3 {[%emt
00:00:07]} Rc8 {[%emt 00:03:05]} 13. a5 {[%emt 00:00:18]} Re8 {[%emt 00:05:29]}
14. Qd2 {[%emt 00:01:04]} Bc6 {[%emt 00:02:07]} 15. Nc4 {[%emt 00:00:41]} Bc7
{[%emt 00:01:10]} 16. axb6 {[%emt 00:00:15]} axb6 {[%emt 00:00:09]} 17. Rfd1
{[%emt 00:00:23]} Nd5 {[%emt 00:01:47]} 18. d4 {[%emt 00:02:47]} Nxe3 {[%emt
00:02:33]} 19. Nxe3 {[%emt 00:00:11]} cxd4 {[%emt 00:02:25]} 20. Qxd4 {[%emt
00:00:48]} Qf6 {[%emt 00:01:46]} 21. Qxf6 {[%emt 00:00:32]} Nxf6 {[%emt
00:00:29]} 22. c3 {[%emt 00:02:06]} Ra8 23. Nd4 {[%emt 00:00:27]} Bxg2 {[%emt
00:02:55]} 24. Kxg2 {[%emt 00:00:01]} Rec8 {[%emt 00:11:24]} 25. Rxa8 {[%emt
00:00:23]} Rxa8 {[%emt 00:00:05]} 26. Nb5 {[%emt 00:00:04]} Bd8 {[%emt
00:00:53]} 27. Nc4 {[%emt 00:00:51]} Kf8 {[%emt 00:04:34]} 28. Ne5 {[%emt
00:00:06]} Be7 {[%emt 00:03:12]} 29. g4 {[%emt 00:02:10]} Nd5 {[%emt 00:01:51]}
30. c4 {[%emt 00:00:16]} Bf6 {[%emt 00:00:21]} 31. Nd7+ {[%emt 00:05:51]} Ke7
{[%emt 00:00:01]} 32. cxd5 {[%emt 00:00:08]} Kxd7 {[%emt 00:00:02]} 33. dxe6+
{[%emt 00:00:07]} Kc6 {[%emt 00:00:46]} 34. Nd4+ {[%emt 00:10:40]} Bxd4 {[%emt
00:00:01]} 35. Rxd4 {[%emt 00:00:06]} fxe6 {[%emt 00:00:01]} 36. Kf3 {[%emt
00:00:23]} b5 {[%emt 00:00:39]} 37. Ke4 {[%emt 00:03:39]} Ra4 {[%emt 00:00:17]}
38. b4 {[%emt 00:01:03]} Ra2 {[%emt 00:00:14]} 39. Ke3 {[%emt 00:00:08]} Ra3+
{[%emt 00:00:12]} 40. Kf4 {[%emt 00:06:22]} Ra2 {[%emt 00:00:12]} 41. Kg3
{[%emt 00:00:19]} e5 {[%emt 00:00:14]} 42. Re4 {[%emt 00:00:03]} Kd5 {[%emt
00:00:05]} 43. f3 {[%emt 00:00:03]} Rb2 {[%emt 00:00:06]} 44. g5 {[%emt
00:00:29]} Rb3 {[%emt 00:00:09]} 45. Rh4 {[%emt 00:00:10]} g6 {[%emt 00:00:16]}
46. Kf2 {[%emt 00:03:30]} Ke6 {[%emt 00:00:11]} 47. f4 {[%emt 00:00:39]} Kf5
{[%emt 00:00:17]} 48. fxe5 {[%emt 00:00:10]} Kxe5 {[%emt 00:00:02]} 49. h3
{[%emt 00:01:12]} Kf5 {[%emt 00:00:09]} 50. Rd4 {[%emt 00:00:05]} Ke5 {[%emt
00:00:21]} 51. Rh4 {[%emt 00:00:11]} Kf5 {[%emt 00:00:03]} 52. Rd4 {[%emt
00:00:11]} Ke5 {[%emt 00:00:01]} 53. Rh4 {[%emt 00:00:06]} Kf5 {[%emt
00:00:02]} 1/2-1/2

[Event "ABC 2025 Groep C"]
[Site "Utrecht"]
[Date "2025.03.15"]
[Round "4.3"]
[White "Botter, Simon"]
[Black "Zhang, Xiheng"]
[Result "0-1"]
[WhiteFideId "8969279"]
[BlackFideId "8939645"]
[WhiteElo "1769"]
[BlackElo "1928"]

1. d4 {[%clk 00:55:17]} {[%emt 00:00:02]} Nf6 {[%clk 00:55:15]} {[%emt
00:00:05]} 2. Bf4 {[%clk 00:55:20]} {[%emt 00:00:07]} d6 {[%clk 00:55:17]}
{[%emt 00:00:09]} 3. e3 {[%clk 00:55:24]} {[%emt 00:00:06]} g6 {[%clk
00:55:19]} {[%emt 00:00:08]} 4. h3 {[%clk 00:55:26]} {[%emt 00:00:08]} Bg7
{[%clk 00:55:20]} {[%emt 00:00:09]} 5. Nf3 {[%clk 00:55:30]} {[%emt 00:00:06]}
O-O {[%clk 00:55:04]} {[%emt 00:00:26]} 6. Be2 {[%clk 00:55:20]} {[%emt
00:00:20]} Re8 {[%clk 00:53:37]} {[%emt 00:01:37]} 7. c3 {[%clk 00:52:59]}
{[%emt 00:02:31]} Nbd7 {[%clk 00:53:05]} {[%emt 00:00:42]} 8. O-O {[%clk
00:52:07]} {[%emt 00:01:01]} c6 {[%clk 00:48:59]} {[%emt 00:04:16]} 9. Nbd2
{[%clk 00:50:30]} {[%emt 00:01:47]} e5 {[%clk 00:47:04]} {[%emt 00:02:06]} 10.
dxe5 {[%clk 00:48:58]} {[%emt 00:01:41]} dxe5 {[%clk 00:46:17]} {[%emt
00:00:58]} 11. Bh2 {[%clk 00:48:33]} {[%emt 00:00:34]} Nd5 {[%clk 00:42:48]}
{[%emt 00:03:40]} 12. c4 {[%clk 00:43:58]} {[%emt 00:04:45]} Nc7 {[%clk
00:40:21]} {[%emt 00:02:37]} 13. Ne4 {[%clk 00:42:27]} {[%emt 00:01:40]} Qe7
{[%clk 00:35:56]} {[%emt 00:04:35]} 14. Qd6 {[%clk 00:37:04]} {[%emt 00:05:34]}
Qxd6 {[%clk 00:32:05]} {[%emt 00:04:02]} 15. Nxd6 {[%clk 00:37:06]} {[%emt
00:00:07]} Re6 {[%clk 00:30:44]} {[%emt 00:01:31]} 16. Rfd1 {[%clk 00:35:32]}
{[%emt 00:01:44]} Nb6 {[%clk 00:27:02]} {[%emt 00:03:51]} 17. c5 {[%clk
00:31:45]} {[%emt 00:03:57]} Nbd5 {[%clk 00:22:20]} {[%emt 00:04:53]} 18. e4
{[%clk 00:31:20]} {[%emt 00:00:35]} Nf4 {[%clk 00:20:13]} {[%emt 00:02:17]} 19.
Bxf4 {[%clk 00:31:04]} {[%emt 00:00:25]} exf4 {[%clk 00:20:02]} {[%emt
00:00:22]} 20. Bc4 {[%clk 00:30:35]} {[%emt 00:00:40]} Re7 {[%clk 00:19:27]}
{[%emt 00:00:44]} 21. Nxf7 {[%clk 00:30:03]} {[%emt 00:00:42]} Be6 {[%clk
00:17:03]} {[%emt 00:02:34]} 22. Bxe6 {[%clk 00:29:09]} {[%emt 00:01:04]} Nxe6
{[%clk 00:16:36]} {[%emt 00:00:38]} 23. Nd6 {[%clk 00:26:32]} {[%emt 00:02:47]}
Nxc5 {[%clk 00:16:08]} {[%emt 00:00:37]} 24. e5 {[%clk 00:24:03]} {[%emt
00:02:39]} Bxe5 {[%clk 00:13:55]} {[%emt 00:02:23]} 25. Nxe5 {[%clk 00:22:57]}
{[%emt 00:01:17]} Rxe5 {[%clk 00:13:43]} {[%emt 00:00:22]} 26. b4 {[%clk
00:22:31]} {[%emt 00:00:36]} Na6 {[%emt 00:01:23]} 27. Nxb7 {[%clk 00:21:16]}
{[%emt 00:01:23]} Nxb4 {[%clk 00:11:40]} {[%emt 00:01:01]} 28. a3 {[%clk
00:19:49]} {[%emt 00:01:37]} Nd5 {[%clk 00:10:33]} {[%emt 00:01:17]} 29. Rac1
{[%clk 00:19:24]} {[%emt 00:00:35]} Rc8 {[%clk 00:09:21]} {[%emt 00:01:23]} 30.
Rc5 {[%clk 00:19:08]} {[%emt 00:00:26]} Rb8 {[%clk 00:06:02]} {[%emt 00:03:29]}
31. Na5 {[%clk 00:18:14]} {[%emt 00:01:04]} Rb5 {[%clk 00:04:18]} {[%emt
00:01:54]} 32. Rxb5 {[%clk 00:18:11]} {[%emt 00:00:13]} cxb5 {[%clk 00:04:23]}
{[%emt 00:00:04]} 33. Nc6 {[%clk 00:18:09]} {[%emt 00:00:12]} Re6 {[%clk
00:03:10]} {[%emt 00:01:23]} 34. Rxd5 {[%clk 00:17:22]} {[%emt 00:00:57]} Rxc6
{[%clk 00:03:04]} {[%emt 00:00:17]} 35. Rxb5 {[%clk 00:17:25]} {[%emt
00:00:07]} Ra6 {[%clk 00:02:58]} {[%emt 00:00:16]} 36. Rb3 {[%clk 00:17:25]}
{[%emt 00:00:09]} h5 {[%clk 00:02:58]} {[%emt 00:00:11]} 37. h4 {[%clk
00:16:52]} {[%emt 00:00:43]} Kf7 {[%clk 00:02:59]} {[%emt 00:00:08]} 38. f3
{[%clk 00:15:49]} {[%emt 00:01:14]} Ke6 {[%clk 00:02:16]} {[%emt 00:00:53]} 39.
Rd3 {[%clk 00:13:25]} {[%emt 00:02:34]} Rd6 {[%clk 00:01:50]} {[%emt 00:00:35]}
40. Rxd6+ {[%clk 00:11:36]} {[%emt 00:01:59]} Kxd6 {[%clk 00:01:58]} {[%emt
00:00:03]} 41. Kf2 {[%clk 00:11:37]} {[%emt 00:00:08]} Ke5 {[%clk 00:01:53]}
{[%emt 00:00:15]} 42. Ke2 {[%clk 00:11:10]} {[%emt 00:00:37]} Kd4 {[%clk
00:01:44]} {[%emt 00:00:20]} 43. Kd2 {[%clk 00:11:15]} {[%emt 00:00:05]} a6
{[%clk 00:01:40]} {[%emt 00:00:13]} 44. a4 {[%clk 00:08:05]} {[%emt 00:03:20]}
a5 {[%clk 00:01:44]} {[%emt 00:00:07]} 45. Ke2 {[%emt 00:02:26]} Kc3 {[%clk
00:01:29]} 46. Kd1 {[%clk 00:06:19]} {[%emt 00:00:04]} Kb4 {[%clk 00:01:23]}
{[%emt 00:00:16]} 47. Kd2 {[%clk 00:06:23]} {[%emt 00:00:06]} Kxa4 {[%clk
00:01:30]} {[%emt 00:00:04]} 48. Kd3 {[%clk 00:06:26]} {[%emt 00:00:06]} Kb5
{[%clk 00:01:22]} {[%emt 00:00:18]} 49. Ke4 {[%clk 00:06:25]} {[%emt 00:00:10]}
a4 {[%clk 00:01:25]} {[%emt 00:00:08]} 50. Kxf4 {[%clk 00:06:30]} {[%emt
00:00:04]} a3 {[%clk 00:01:29]} {[%emt 00:00:08]} 51. Kg5 {[%clk 00:06:35]}
{[%emt 00:00:04]} a2 {[%clk 00:01:26]} {[%emt 00:00:13]} 52. Kxg6 {[%clk
00:06:36]} {[%emt 00:00:10]} a1=Q {[%clk 00:01:32]} {[%emt 00:00:04]} 53. f4
{[%clk 00:06:25]} {[%emt 00:00:21]} Kc6 {[%clk 00:00:44]} {[%emt 00:00:58]} 54.
f5 {[%clk 00:05:41]} {[%emt 00:00:53]} Qh8 {[%clk 00:00:40]} {[%emt 00:00:14]}
55. Kf7 {[%clk 00:04:54]} {[%emt 00:00:57]} Kd7 {[%clk 00:00:46]} {[%emt
00:00:05]} 56. f6 {[%clk 00:04:58]} {[%emt 00:00:05]} Qh7 {[%clk 00:00:55]}
{[%emt 00:00:02]} 57. Kf8 {[%clk 00:04:57]} {[%emt 00:00:11]} Ke6 {[%clk
00:01:02]} {[%emt 00:00:03]} 0-1

[Event "ABC 2025 Groep C"]
[Site "Utrecht"]
[Date "2025.03.15"]
[Round "4.4"]
[White "Ma, Tim"]
[Black "Rantz, Thomas"]
[Result "0-1"]
[WhiteFideId "8933991"]
[BlackFideId "8976572"]
[WhiteElo "1821"]
[BlackElo "1750"]

1. d4 {[%clk 00:55:18]} {[%emt 00:00:01]} d5 {[%clk 00:55:16]} {[%emt
00:00:04]} 2. Bf4 {[%clk 00:55:24]} {[%emt 00:00:05]} Bf5 {[%clk 00:55:19]}
{[%emt 00:00:07]} 3. e3 {[%clk 00:55:29]} {[%emt 00:00:04]} Nf6 {[%clk
00:55:17]} {[%emt 00:00:12]} 4. Nf3 {[%clk 00:55:30]} {[%emt 00:00:09]} e6
{[%clk 00:55:20]} {[%emt 00:00:07]} 5. c4 {[%clk 00:55:34]} {[%emt 00:00:06]}
c6 {[%clk 00:54:47]} {[%emt 00:00:44]} 6. Nc3 {[%clk 00:55:30]} {[%emt
00:00:13]} Bd6 {[%clk 00:54:10]} {[%emt 00:00:47]} 7. Bg3 {[%clk 00:55:25]}
{[%emt 00:00:15]} Bxg3 {[%clk 00:53:32]} {[%emt 00:00:49]} 8. hxg3 {[%clk
00:55:29]} {[%emt 00:00:05]} Nbd7 {[%clk 00:53:18]} {[%emt 00:00:24]} 9. Bd3
{[%clk 00:55:22]} {[%emt 00:00:17]} Bxd3 {[%clk 00:52:44]} {[%emt 00:00:45]} 10.
Qxd3 {[%clk 00:53:43]} {[%emt 00:01:48]} h6 {[%clk 00:52:22]} {[%emt 00:00:32]}
11. Rc1 {[%clk 00:53:17]} {[%emt 00:00:36]} O-O {[%clk 00:51:57]} {[%emt
00:00:37]} 12. O-O {[%clk 00:53:07]} {[%emt 00:00:20]} Rc8 {[%clk 00:51:25]}
{[%emt 00:00:41]} 13. Rfe1 {[%clk 00:52:36]} {[%emt 00:00:40]} Re8 {[%clk
00:50:20]} {[%emt 00:01:17]} 14. c5 {[%clk 00:50:46]} {[%emt 00:02:00]} e5
{[%clk 00:49:37]} {[%emt 00:00:52]} 15. Qc2 {[%clk 00:50:07]} {[%emt 00:00:48]}
exd4 {[%clk 00:48:25]} {[%emt 00:01:24]} 16. exd4 {[%clk 00:49:56]} {[%emt
00:00:20]} Qc7 {[%clk 00:47:32]} {[%emt 00:01:03]} 17. b4 {[%clk 00:49:48]}
{[%emt 00:00:19]} a6 {[%clk 00:47:09]} {[%emt 00:00:33]} 18. a4 {[%clk
00:49:04]} {[%emt 00:00:54]} Ra8 {[%clk 00:46:21]} {[%emt 00:00:57]} 19. Nh4
{[%clk 00:48:12]} {[%emt 00:01:01]} g6 {[%clk 00:44:56]} {[%emt 00:01:34]} 20.
Nf3 {[%clk 00:46:50]} {[%emt 00:01:34]} Kg7 {[%clk 00:44:36]} {[%emt 00:00:30]}
21. a5 {[%clk 00:45:53]} {[%emt 00:01:08]} Rad8 {[%clk 00:41:36]} {[%emt
00:03:10]} 22. Qd3 {[%clk 00:42:53]} {[%emt 00:03:10]} Qb8 {[%clk 00:40:52]}
{[%emt 00:00:54]} 23. Nd2 {[%clk 00:42:00]} {[%emt 00:01:01]} Rxe1+ {[%clk
00:39:02]} {[%emt 00:02:02]} 24. Rxe1 {[%clk 00:42:03]} {[%emt 00:00:06]} Re8
{[%clk 00:39:05]} {[%emt 00:00:07]} 25. Rxe8 {[%clk 00:38:29]} {[%emt
00:03:44]} Qxe8 {[%clk 00:39:09]} {[%emt 00:00:06]} 26. Qe2 {[%clk 00:38:03]}
{[%emt 00:00:35]} Qxe2 {[%clk 00:37:47]} {[%emt 00:01:33]} 27. Nxe2 {[%clk
00:38:07]} {[%emt 00:00:06]} Nf8 {[%clk 00:37:37]} {[%emt 00:00:19]} 28. f3
{[%clk 00:38:08]} {[%emt 00:00:09]} Ne6 {[%clk 00:37:29]} {[%emt 00:00:19]} 29.
Kf2 {[%clk 00:38:05]} {[%emt 00:00:12]} Nh5 {[%clk 00:37:18]} {[%emt 00:00:22]}
30. Nb3 {[%clk 00:37:10]} {[%emt 00:01:05]} Kf6 {[%clk 00:36:49]} {[%emt
00:00:38]} 31. Nc3 {[%clk 00:36:32]} {[%emt 00:00:49]} Nhg7 {[%clk 00:36:24]}
{[%emt 00:00:36]} 32. f4 {[%clk 00:32:26]} {[%emt 00:04:15]} Nf5 {[%clk
00:35:16]} {[%emt 00:01:17]} 33. Ne2 {[%clk 00:32:19]} {[%emt 00:00:18]} g5
{[%clk 00:33:47]} {[%emt 00:01:39]} 34. Kf3 {[%clk 00:31:37]} {[%emt 00:00:49]}
h5 {[%clk 00:32:45]} {[%emt 00:01:14]} 35. Kf2 {[%clk 00:29:41]} {[%emt
00:02:01]} g4 {[%clk 00:32:19]} {[%emt 00:00:42]} 36. Kg1 {[%clk 00:27:25]}
{[%emt 00:02:25]} Ne3 {[%clk 00:32:10]} {[%emt 00:00:18]} 37. b5 {[%clk
00:25:05]} {[%emt 00:02:33]} axb5 {[%clk 00:31:04]} {[%emt 00:01:16]} 38. Kf2
{[%emt 00:01:37]} Nc4 {[%clk 00:30:08]} 39. Nec1 {[%clk 00:13:21]} {[%emt
00:11:32]} Kg6 {[%clk 00:28:07]} {[%emt 00:02:11]} 40. Nd3 {[%clk 00:09:50]}
{[%emt 00:03:41]} f6 {[%clk 00:27:58]} {[%emt 00:00:19]} 41. Ke2 {[%clk
00:09:06]} {[%emt 00:00:53]} Ng7 {[%clk 00:27:07]} {[%emt 00:01:02]} 42. Nb4
{[%clk 00:08:49]} {[%emt 00:00:27]} Nf5 {[%clk 00:26:13]} {[%emt 00:01:04]} 43.
Kf2 {[%clk 00:08:49]} {[%emt 00:00:09]} Ne7 {[%clk 00:25:39]} {[%emt 00:00:45]}
44. a6 {[%clk 00:08:06]} {[%emt 00:00:54]} bxa6 {[%clk 00:25:40]} {[%emt
00:00:08]} 45. Nxa6 {[%clk 00:08:09]} {[%emt 00:00:07]} Kf5 {[%clk 00:24:42]}
{[%emt 00:01:07]} 46. Nb4 {[%clk 00:06:51]} {[%emt 00:01:28]} Ke4 {[%clk
00:23:45]} {[%emt 00:01:05]} 47. Ke2 {[%clk 00:04:52]} {[%emt 00:02:12]} Kf5
{[%clk 00:21:48]} {[%emt 00:02:07]} 48. Kf2 {[%clk 00:04:44]} {[%emt 00:00:18]}
Ke6 {[%clk 00:21:19]} {[%emt 00:00:39]} 49. Nc1 {[%clk 00:03:45]} {[%emt
00:01:09]} Nd2 {[%clk 00:20:34]} {[%emt 00:00:52]} 50. Ne2 {[%clk 00:03:07]}
{[%emt 00:00:51]} Ne4+ {[%clk 00:20:26]} {[%emt 00:00:18]} 51. Kg1 {[%clk
00:03:01]} {[%emt 00:00:16]} Kd7 {[%clk 00:20:22]} {[%emt 00:00:12]} 52. Nd3
{[%clk 00:01:09]} {[%emt 00:02:03]} Nf5 {[%clk 00:20:04]} {[%emt 00:00:26]} 53.
Kh2 {[%clk 00:01:05]} {[%emt 00:00:16]} Ne3 {[%clk 00:19:35]} {[%emt 00:00:38]}
54. Kg1 {[%clk 00:00:46]} {[%emt 00:00:31]} Kc7 {[%clk 00:18:57]} {[%emt
00:00:48]} 55. Kh1 {[%clk 00:00:22]} {[%emt 00:00:34]} Nf1 {[%clk 00:18:09]}
{[%emt 00:00:56]} 0-1

[Event "ABC 2025 Groep C"]
[Site "Utrecht"]
[Date "2025.03.15"]
[Round "4.5"]
[White "John, Ryan"]
[Black "Kumar, Dhruv"]
[Result "1-0"]
[WhiteFideId "8959291"]
[BlackFideId "8824277"]
[WhiteElo "1808"]
[BlackElo "1768"]

1. d4 {[%emt 00:01:27]} d5 {[%emt 00:00:05]} 2. Bf4 {[%emt 00:00:05]} c5 {[%emt
00:00:07]} 3. c3 {[%emt 00:00:20]} Nc6 {[%emt 00:00:13]} 4. e3 {[%emt
00:00:12]} Bf5 {[%emt 00:00:15]} 5. Nf3 {[%emt 00:00:27]} e6 {[%emt 00:00:21]}
6. Bd3 {[%emt 00:00:21]} Bg6 {[%emt 00:00:13]} 7. Bxg6 {[%emt 00:00:21]} hxg6
{[%emt 00:00:14]} 8. Nbd2 {[%emt 00:00:40]} cxd4 {[%emt 00:00:19]} 9. exd4
{[%emt 00:00:31]} Bd6 {[%emt 00:00:19]} 10. Bxd6 {[%emt 00:01:33]} Qxd6 {[%emt
00:00:06]} 11. Qe2 {[%emt 00:00:36]} Nge7 {[%emt 00:00:38]} 12. O-O-O {[%emt
00:00:36]} Rc8 {[%emt 00:00:34]} 13. Kb1 {[%emt 00:00:27]} Na5 {[%emt
00:01:18]} 14. Qe5 {[%emt 00:01:05]} Qxe5 {[%emt 00:00:35]} 15. Nxe5 {[%emt
00:00:09]} f6 {[%emt 00:00:31]} 16. Nd3 {[%emt 00:00:18]} b6 {[%emt 00:01:16]}
17. h3 {[%emt 00:00:29]} Nc4 {[%emt 00:00:22]} 18. Rhe1 {[%emt 00:01:17]} Kf7
{[%emt 00:00:33]} 19. Nf4 {[%emt 00:01:03]} e5 {[%emt 00:00:43]} 20. Nxc4
{[%emt 00:00:37]} Rxc4 {[%emt 00:00:27]} 21. b3 {[%emt 00:01:45]} Rxc3 {[%emt
00:01:37]} 22. dxe5 {[%emt 00:00:07]} fxe5 {[%emt 00:00:33]} 23. Rxe5 {[%emt
00:00:13]} Rc5 {[%emt 00:01:03]} 24. Rxe7+ {[%emt 00:00:40]} Kxe7 {[%emt
00:00:55]} 25. Nxg6+ {[%emt 00:00:07]} Kf6 {[%emt 00:00:12]} 26. Nxh8 {[%emt
00:00:11]} Rc8 {[%emt 00:00:12]} 27. Rxd5 {[%emt 00:00:21]} Rxh8 {[%emt
00:00:11]} 28. Kc2 {[%emt 00:00:57]} Ke6 {[%emt 00:00:16]} 29. Rd3 {[%emt
00:00:15]} Rf8 {[%emt 00:00:32]} 30. f3 {[%emt 00:00:43]} Rf6 {[%emt 00:00:28]}
31. Rc3 {[%emt 00:00:43]} Kd6 {[%emt 00:00:22]} 32. Rc4 {[%emt 00:00:20]} Rg6
{[%emt 00:04:03]} 33. Rg4 {[%emt 00:00:25]} Rxg4 {[%emt 00:00:04]} 34. fxg4
{[%emt 00:00:14]} Ke5 {[%emt 00:00:03]} 35. h4 {[%emt 00:01:21]} Kf4 {[%emt
00:00:12]} 36. g5 {[%emt 00:00:11]} Kg4 {[%emt 00:00:08]} 37. g3 {[%emt
00:00:22]} g6 {[%emt 00:00:18]} 38. Kc3 {[%emt 00:00:22]} Kxg3 {[%emt
00:00:18]} 39. h5 {[%emt 00:00:06]} gxh5 {[%emt 00:00:05]} 40. g6 {[%emt
00:00:07]} h4 {[%emt 00:00:05]} 41. g7 {[%emt 00:00:04]} h3 {[%emt 00:00:03]}
42. g8=Q {[%emt 00:00:24]} Kh2 {[%emt 00:00:02]} 43. Kd2 {[%emt 00:00:29]} 1-0

[Event "ABC 2025 Groep C"]
[Site "Utrecht"]
[Date "2025.03.15"]
[Round "4.6"]
[White "Nguyen, Paul"]
[Black "Xu, Alex Z"]
[Result "0-1"]
[WhiteFideId "8956321"]
[BlackFideId "8883292"]
[WhiteElo "1732"]
[BlackElo "1920"]

1. e4 {[%clk 00:55:18]} {[%emt 00:00:02]} c5 {[%clk 00:55:18]} {[%emt
00:00:03]} 2. Nf3 {[%clk 00:55:23]} {[%emt 00:00:05]} Nc6 {[%clk 00:55:25]}
{[%emt 00:00:03]} 3. d4 {[%clk 00:55:27]} {[%emt 00:00:06]} cxd4 {[%clk
00:55:32]} {[%emt 00:00:03]} 4. Nxd4 {[%clk 00:55:22]} {[%emt 00:00:15]} Nf6
{[%clk 00:55:40]} 5. Nc3 {[%clk 00:55:22]} {[%emt 00:00:10]} e5 {[%clk
00:55:47]} {[%emt 00:00:04]} 6. Nxc6 {[%clk 00:54:42]} {[%emt 00:00:50]} bxc6
{[%clk 00:55:51]} {[%emt 00:00:05]} 7. a3 {[%clk 00:54:48]} {[%emt 00:00:05]}
Bc5 {[%clk 00:55:49]} {[%emt 00:00:12]} 8. Bc4 {[%clk 00:54:53]} {[%emt
00:00:05]} O-O {[%clk 00:55:49]} {[%emt 00:00:10]} 9. O-O {[%clk 00:54:58]}
{[%emt 00:00:04]} h6 {[%clk 00:55:44]} {[%emt 00:00:15]} 10. h3 {[%clk
00:54:53]} {[%emt 00:00:16]} d6 {[%clk 00:55:11]} {[%emt 00:00:42]} 11. Re1
{[%clk 00:54:02]} {[%emt 00:01:02]} Qe7 {[%clk 00:54:09]} {[%emt 00:01:13]} 12.
Be3 {[%clk 00:53:42]} {[%emt 00:00:29]} Bxe3 {[%clk 00:53:35]} {[%emt
00:00:43]} 13. Rxe3 {[%clk 00:53:46]} {[%emt 00:00:06]} Rb8 {[%clk 00:53:34]}
{[%emt 00:00:11]} 14. b4 {[%clk 00:53:06]} {[%emt 00:00:51]} Be6 {[%clk
00:53:17]} {[%emt 00:00:27]} 15. Bxe6 {[%clk 00:53:07]} {[%emt 00:00:08]} fxe6
{[%clk 00:53:13]} {[%emt 00:00:14]} 16. Qd2 {[%clk 00:53:11]} {[%emt 00:00:06]}
d5 {[%clk 00:52:40]} {[%emt 00:00:43]} 17. exd5 {[%clk 00:53:15]} {[%emt
00:00:06]} exd5 {[%clk 00:52:45]} {[%emt 00:00:05]} 18. Ree1 {[%clk 00:53:04]}
{[%emt 00:00:21]} Rbe8 {[%clk 00:51:55]} {[%emt 00:01:00]} 19. Rad1 {[%clk
00:52:57]} {[%emt 00:00:18]} Qf7 {[%clk 00:50:48]} {[%emt 00:01:17]} 20. Re2
{[%clk 00:51:11]} {[%emt 00:01:56]} d4 {[%clk 00:50:11]} {[%emt 00:00:46]} 21.
Ne4 {[%clk 00:51:12]} {[%emt 00:00:09]} Nxe4 {[%clk 00:49:34]} {[%emt
00:00:47]} 22. Rxe4 {[%clk 00:50:24]} {[%emt 00:00:59]} Re6 {[%clk 00:48:30]}
{[%emt 00:01:13]} 23. Rde1 {[%clk 00:50:17]} {[%emt 00:00:17]} Qf5 {[%clk
00:47:54]} {[%emt 00:00:46]} 24. R1e2 {[%clk 00:49:51]} {[%emt 00:00:38]} Rfe8
{[%clk 00:46:55]} {[%emt 00:01:08]} 25. c3 {[%clk 00:49:34]} {[%emt 00:00:27]}
dxc3 {[%clk 00:45:37]} {[%emt 00:01:28]} 26. Qxc3 {[%clk 00:49:37]} {[%emt
00:00:06]} Qf6 {[%clk 00:45:15]} {[%emt 00:00:33]} 27. f4 {[%clk 00:48:27]}
{[%emt 00:01:21]} Rf8 {[%clk 00:41:46]} {[%emt 00:03:38]} 28. Rxe5 {[%clk
00:46:47]} {[%emt 00:01:49]} Rxe5 {[%clk 00:40:54]} {[%emt 00:01:03]} 29. fxe5
{[%clk 00:46:42]} {[%emt 00:00:15]} Qf1+ {[%clk 00:40:40]} {[%emt 00:00:24]} 30.
Kh2 {[%clk 00:46:14]} {[%emt 00:00:38]} Qxe2 {[%clk 00:40:44]} {[%emt
00:00:05]} 31. Qxc6 {[%clk 00:45:59]} {[%emt 00:00:25]} Qxe5+ {[%clk 00:40:36]}
{[%emt 00:00:19]} 0-1